00429pab a2200169 454500008004000000100001900040245004600059260000900105300001400114362000800128650002000136650002200156650001200178700001900190700001900209773003100228180718b2006 xxu||||| |||| 00| 0 eng d aMehlum, Halvor aPoverty and crime in 19th century Germany c2006 ap.370-88. aMay aCrime - Germany aPoverty - Germany aPoverty aTorvik, Ragnar aMiguel, Edward aJournal of Urban Economics